| 000 | 00674nam a2200193Ia 4500 | ||
|---|---|---|---|
| 008 | 151121s9999||||xx |||||||||||||| ||und|| | ||
| 082 | _a796।3/पंडित | ||
| 082 | _bHNW-24706 | ||
| 100 | _aपंडित बाळ ज। | ||
| 245 | _aक्रिकेटमधील नवलकथा | ||
| 260 | _b"डायमंड बुक स्टॉल, सांगली" | ||
| 260 | _c-- | ||
| 300 | _a83 | ||
| 600 | _aपंडित बाळ ज। | ||
| 630 | _aक्रिकेटमधील नवलकथा | ||
| 700 | _aपंडित बाळ ज। | ||
| 730 | _aक्रिकेटमधील नवलकथा | ||
| 942 | _cBOOK | ||
| 999 |
_c1222711 _d1222708 |
||